000 00347 a2200121 4500
001 ART_2082
005 20260410161722.0
008 260409a
245 1 0 _aInformática
100 1 _aTesoro, José Luis
700 1 _aSaroka, Raúl Horacio
773 0 _tAdministración de empresas
_g- Año XVII, Nº 201 (dic. 1986)
_wREV2036
999 _c17099
_d17099